Quy hoạch tuyến tính Giáo trình đào tạp giáo viên THCS hệ CĐSP
Trình bày các bài toán quy hoạch tuyến tính; Tính chất của tập phương án và tập phương án tối ưu của bài toán quy hoạch tuyến tính, phương pháp đơn hình đối ngẫu; Bài toán vận tải - thuật toán thế vị
Đã lưu trong:
| Tác giả chính: | |
|---|---|
| Định dạng: | Sách |
| Năm xuất bản: |
H.
Giáo dục
1998
|
| Chủ đề: | |
| Tags: |
Thêm thẻ
Không có thẻ, Hãy là người đầu tiên gắn thẻ bản ghi này!
|
| LEADER | 01461nam a2200217 4500 | ||
|---|---|---|---|
| 082 | |a 519.72 |b PH300M | ||
| 100 | |a Phí Mạnh Ban | ||
| 245 | |a Quy hoạch tuyến tính |c Phí Mạnh Ban |b Giáo trình đào tạp giáo viên THCS hệ CĐSP | ||
| 260 | |a H. |b Giáo dục |c 1998 | ||
| 300 | |a 111 tr. |c 21 cm | ||
| 520 | |a Trình bày các bài toán quy hoạch tuyến tính; Tính chất của tập phương án và tập phương án tối ưu của bài toán quy hoạch tuyến tính, phương pháp đơn hình đối ngẫu; Bài toán vận tải - thuật toán thế vị | ||
| 653 | |a Toán học | ||
| 653 | |a Quy hoạch tuyến tính | ||
| 653 | |a Giáo trình | ||
| 942 | |2 ddc |c STK0 | ||
| 999 | |c 6718 |d 6718 | ||
| 952 | |0 0 |1 0 |2 ddc |4 0 |6 519_720000000000000_PH300M |7 0 |8 500 |9 63279 |a qbu |b qbu |c D3 |d 2015-01-22 |o 519.72 PH300M |p 2217.c1 |r 0000-00-00 |w 2015-01-22 |y STK0 | ||
| 952 | |0 0 |1 0 |2 ddc |4 0 |6 519_720000000000000_PH300M |7 0 |8 500 |9 63280 |a qbu |b qbu |c D3 |d 2015-01-22 |o 519.72 PH300M |p 2217.c2 |r 0000-00-00 |w 2015-01-22 |y STK0 | ||
| 952 | |0 0 |1 0 |2 ddc |4 0 |6 519_720000000000000_PH300M |7 0 |8 500 |9 63281 |a qbu |b qbu |c D3 |d 2015-01-22 |o 519.72 PH300M |p 2217.c3 |r 0000-00-00 |w 2015-01-22 |y STK0 | ||
| 952 | |0 0 |1 0 |2 ddc |4 0 |6 519_720000000000000_PH300M |7 0 |8 500 |9 63282 |a qbu |b qbu |c D3 |d 2015-01-22 |o 519.72 PH300M |p 2217.c4 |r 0000-00-00 |w 2015-01-22 |y STK0 | ||
| 952 | |0 0 |1 0 |2 ddc |4 0 |6 519_720000000000000_PH300M |7 0 |8 500 |9 63283 |a qbu |b qbu |c D3 |d 2015-01-22 |o 519.72 PH300M |p 2217.c5 |r 0000-00-00 |w 2015-01-22 |y STK0 | ||